000 00636nam a2200157 i 4500
001 46582
003 ES-MaACL
005 20230906161418.0
007 t|
008 030331s1967 sp ||||1| spa d
111 2 _aCongreso Nacional de Hermandades Sanitarias de San Cosme y San Damián (
_n14.
_d1967.
_cZaragoza)
_9536
245 1 0 _aRenovación y actualización de las Hermandades Sanitarias de San Cosme y San Damián /
_cXIV Congreso Nacional de Hermandades Sanitarias de San Cosme y San Damián.
260 _a[Zaragoza :
_bs.n.,
_c1967] (
_fTall. El Noticiero)
300 _a58 p. ;
_c24 cm.
852 _aES-MaACL
_jC-33440
_bR.64258
999 _c46582
_d46582